| 000 | 00623nam a2200253Ia 4500 | ||
|---|---|---|---|
| 008 | 170203s9999 xx 000 0 und d | ||
| 020 | _a1844216969 (pbk.) | ||
| 050 | _a796.815 | ||
| 050 | _b.C525j 2003 | ||
| 100 | _aChesterman, Barnaby | ||
| 245 | _aJudo / | ||
| 245 | _cBarnaby Chester. | ||
| 260 | _aItaly : | ||
| 260 | _bDavid West Children's Book | ||
| 260 | _c2003 | ||
| 300 | _a32 pages : | ||
| 300 | _bill. (some col.) ; | ||
| 300 | _c29 cm. | ||
| 440 | _aMartial Arts | ||
| 500 | _aincludes index. | ||
| 650 | _aJudo. | ||
| 650 | _xJuvenile literature. | ||
| 700 | _aWillingham, Bob, author. | ||
| 999 |
_c305517 _d305517 |
||